Introduction to positive economics (Record no. 5640)

000 -LEADER
fixed length control field 00453nam a22001817a 4500
001 - CONTROL NUMBER
control field 5640
003 - CONTROL NUMBER IDENTIFIER
control field BD-DhUET
008 - FIXED-LENGTH DATA ELEMENTS--GENERAL INFORMATION
fixed length control field 141127b xxu||||| |||| 00| 0 eng d
040 ## - CATALOGING SOURCE
Transcribing agency 0
Modifying agency BD-DhUET
082 ## - DEWEY DECIMAL CLASSIFICATION NUMBER
Classification number 330
Item number LIP/1971
100 ## - MAIN ENTRY--PERSONAL NAME
Personal name Lipsey, Richard G.
245 ## - TITLE STATEMENT
Title Introduction to positive economics
250 ## - EDITION STATEMENT
Edition statement 3rd ed.
260 ## - PUBLICATION, DISTRIBUTION, ETC. (IMPRINT)
Name of publisher, distributor, etc. English Language Book
Place of publication, distribution, etc. Hampshire
Date of publication, distribution, etc. 1971
300 ## - PHYSICAL DESCRIPTION
Extent xx, 740 p.
Other physical details ill.
Dimensions 26 cm.
650 #0 - SUBJECT ADDED ENTRY--TOPICAL TERM
Topical term or geographic name as entry element Economics
942 ## - ADDED ENTRY ELEMENTS (KOHA)
Koha item type General Book
Holdings
Source of classification or shelving scheme Copy number Koha collection Koha normalized classification for sorting Sublocation or collection (holding branch) Price effective from Koha date last seen Koha full call number Not for loan Koha item type Withdrawn status Date acquired Damaged status Shelving location Lost status Location (home branch) Piece designation (barcode)
 1 330LIP1971Central Library, BUET2014-11-272014-11-27330/LIP/1971 General Book 2014-11-27 Circulation section Central Library, BUET23693
 2 330LIP1971Central Library, BUET2014-11-272014-11-27330/LIP/1971 General Book 2014-11-27 Circulation section Central Library, BUET23702
 3 330_000000000000000_LIP_1971Central Library, BUET2015-01-272015-01-27330/LIP/1971 General Book 2015-01-27 Circulation section Central Library, BUET23689
 4 330_000000000000000_LIP_1971Central Library, BUET2015-01-272015-01-27330/LIP/1971 General Book 2015-01-27 Circulation section Central Library, BUET23684
 5 330_000000000000000_LIP_1971Central Library, BUET2015-01-272015-01-27330/LIP/1971 General Book 2015-01-27 Circulation section Central Library, BUET23710
 6 330_000000000000000_LIP_1971Central Library, BUET2015-01-272015-01-27330/LIP/1971 General Book 2015-01-27 Circulation section Central Library, BUET23713
 7 330_000000000000000_LIP_1971Central Library, BUET2015-01-272015-01-27330/LIP/1971 General Book 2015-01-27 Cataloging section Central Library, BUET23690
 8 330_000000000000000_LIP_1971Central Library, BUET2015-01-272015-01-27330/LIP/1971 General Book 2015-01-27 Circulation section Central Library, BUET23698
 9 330_000000000000000_LIP_1971Central Library, BUET2015-01-272015-01-27330/LIP/1971 General Book 2015-01-27 Circulation section Central Library, BUET23685
 10 330_000000000000000_LIP_1971Central Library, BUET2015-01-272015-01-27330/LIP/1971 General Book 2015-01-27 Circulation section Central Library, BUET23712
 4Non Fiction330_000000000000000_LIP_1971Central Library, BUET2015-01-282015-01-28330/LIP/1971 General Book 2015-01-28 Circulation section Central Library, BUET23677
 30Non Fiction330_000000000000000_LIP_1971Central Library, BUET2015-01-282015-01-28330/LIP/1971 General Book 2015-01-28 Circulation section Central Library, BUET23706
 29Non Fiction330_000000000000000_LIP_1971Central Library, BUET2015-01-282015-01-28330/LIP/1971 General Book 2015-01-28 Circulation section Central Library, BUET23705
 16Non Fiction330_000000000000000_LIP_1971Central Library, BUET2015-01-282015-01-28330/LIP/1971 General Book 2015-01-28 Circulation section Central Library, BUET23680
 15 330_000000000000000_LIP_1971Central Library, BUET2015-04-202015-04-20330/LIP/1971 General Book 2015-04-20 Circulation section Central Library, BUET23691